[Event "Mistrzostwa Polski Juniorow Mlodszych do lat 12 - OOM Zachodniopomorskie 2023"]
[Site "Darlowek"]
[Date "1899-12-30"]
[Round "1.1"]
[White "Gorecki, Michal"]
[Black "Golis, Wiktor"]
[Result "0-1"]
[WhiteTitle "II"]
[BlackTitle "I++"]
[WhiteElo "1408"]
[BlackElo "2046"]

1. e4 c6 2. d4 d5 3. e5 Bf5 4. Ne2 e6 5. Ng3 Bg6 6. h4 h5 7. Bd3 Bxd3 8. cxd3 Qb6
9. Be3 Nd7 10. O-O Ne7 11. f4 g6 12. Qf3 Qxb2 13. Nd2 Qa3 14. Rab1 Qa6 15. Rb2
b6 16. Qe2 c5 17. Nf3 Nc6 18. Ng5 cxd4 19. Bd2 Nc5 20. Rf3 Be7 21. f5 gxf5 22.
Nxf5 exf5 23. e6 O-O-O 24. Nxf7 Kb7 25. Bf4 Rhg8 26. Nxd8+ Rxd8 27. Rg3 Qa3 28.
Rd2 Rf8 29. Bg5 Bd6 30. Rh3 Re8 31. e7 Bxe7 32. Qxh5 Bxg5 33. hxg5 Re1+ 34. Kh2
Qc1 35. Rf2 Rh1+ 36. Kg3 Qe3+ 37. Rf3 Qe1+ 38. Rf2 f4+ 39. Kg4 Rxh3 40. Qf7+ Ka6
41. Qxd5 Rg3+ 42. Kh5 Qh1+ 43. Kg6 Ne7+ 44. Kf7 Nxd5 45. g6 Qh5 0-1

[Event "Mistrzostwa Polski Juniorow Mlodszych do lat 12 - OOM Zachodniopomorskie 2023"]
[Site "Darlowek"]
[Date "1899-12-30"]
[Round "1.2"]
[White "Radzimski, Antoni"]
[Black "Pekala, Dawid"]
[Result "1-0"]
[WhiteTitle "I++"]
[BlackTitle "I"]
[WhiteElo "1960"]
[BlackElo "1405"]

1. d4 Nf6 2. c4 e6 3. Nc3 Bb4 4. e3 O-O 5. Bd2 d5 6. Nf3 b6 7. cxd5 exd5 8. Rc1
Bb7 9. Bd3 Nbd7 10. Nb5 Bxd2+ 11. Qxd2 Ne4 12. Qc2 c5 13. Nc3 f5 14. dxc5 bxc5
15. O-O Ndf6 16. Ne2 Qe7 17. Qa4 a6 18. Qa3 Rfe8 19. Qa5 Qd8 20. Qa4 Qb6 21. Nf4
Rac8 22. Qc2 g6 23. Rfd1 Red8 24. b3 Kg7 25. h4 Re8 26. h5 g5 27. Bxe4 Nxe4 28.
Nxd5 Qe6 29. Nc3 h6 30. Nxe4 Bxe4 31. Qc3+ Kh7 32. Nd2 Bb7 33. Nc4 Rcd8 34. Qa5
Qc6 35. f3 Rxd1+ 36. Rxd1 Re6 37. Qd8 Bc8 38. Qf8 Qc7 39. Rd8 1-0

[Event "Mistrzostwa Polski Juniorow Mlodszych do lat 12 - OOM Zachodniopomorskie 2023"]
[Site "Darlowek"]
[Date "1899-12-30"]
[Round "1.3"]
[White "Mroczkowski, Adam"]
[Black "Brzezina, Piotr"]
[Result "1/2-1/2"]
[WhiteTitle "II"]
[BlackTitle "I"]
[WhiteElo "1402"]
[BlackElo "1956"]

1. e4 c5 2. Nf3 d6 3. d4 cxd4 4. Nxd4 Nf6 5. Nc3 a6 6. Bc4 e6 7. O-O b5 8. Bd3
Bb7 9. a3 Nbd7 10. Re1 Ne5 11. f3 Rc8 12. Be3 Be7 13. Qd2 O-O 14. Rad1 Qc7 15.
Kh1 Rfd8 16. Qe2 Nxd3 17. Qxd3 d5 18. exd5 Nxd5 19. Nxd5 Rxd5 20. Qe2 Bd6 21.
Bg1 Kh8 22. h3 Rh5 23. c3 e5 24. Nc2 Qd7 25. Bh2 Qe6 26. Qd2 Rd8 27. Qf2 Qf6 28.
Rf1 h6 29. Ne3 Qe6 30. Ng4 Rd7 31. Rfe1 1/2-1/2

[Event "Mistrzostwa Polski Juniorow Mlodszych do lat 12 - OOM Zachodniopomorskie 2023"]
[Site "Darlowek"]
[Date "1899-12-30"]
[Round "1.4"]
[White "Gibala, Adam"]
[Black "Czeremcha, Piotr"]
[Result "0-1"]
[WhiteTitle "I"]
[BlackTitle "II"]
[WhiteElo "1915"]
[BlackElo "1382"]

1. e4 c5 2. Nf3 Nc6 3. d4 cxd4 4. Nxd4 g6 5. Nc3 Bg7 6. Be3 Nf6 7. Nxc6 bxc6 8.
e5 Nd5 9. Nxd5 cxd5 10. Qxd5 Rb8 11. Bc4 O-O 12. O-O Bb7 13. Qd3 Bxe5 14. Bxa7
Rc8 15. f4 Bxb2 16. Rab1 Qa5 17. Bf2 Qc3 18. Qxc3 Bxc3 19. Bxf7+ Rxf7 20. Rxb7
Rxf4 21. Rxd7 Bf6 22. Bb6 Ra4 23. Rc1 Bg5 24. Rf1 Rxc2 25. Rf2 Rc6 26. Rd8+ Kg7
27. Rb8 Rb4 28. h4 Bxh4 29. Rb2 Bg3 30. Be3 Re4 31. Bd2 Rc1+ 32. Bxc1 Re1# 0-1

[Event "Mistrzostwa Polski Juniorow Mlodszych do lat 12 - OOM Zachodniopomorskie 2023"]
[Site "Darlowek"]
[Date "1899-12-30"]
[Round "1.5"]
[White "Seemann, Adam"]
[Black "Chiszko, Oskar"]
[Result "0-1"]
[WhiteTitle "II"]
[BlackTitle "I"]
[WhiteElo "1381"]
[BlackElo "1895"]

1. e4 c5 2. Nf3 d6 3. d4 cxd4 4. Nxd4 Nf6 5. Nc3 a6 6. f4 Nbd7 7. Be3 b5 8. a3
Bb7 9. Bd3 g6 10. O-O Bg7 11. Nf3 Ng4 12. Bd4 Bxd4+ 13. Nxd4 Ne3 14. Qf3 Nxf1
15. Rxf1 Qb6 16. Qf2 e5 17. fxe5 dxe5 18. Qxf7+ Kd8 19. Kh1 exd4 20. Qg7 Re8 21.
Rf7 Qd6 0-1

[Event "Mistrzostwa Polski Juniorow Mlodszych do lat 12 - OOM Zachodniopomorskie 2023"]
[Site "Darlowek"]
[Date "1899-12-30"]
[Round "1.6"]
[White "Witczak, Borys"]
[Black "Sakharchuk, Aliaksandr"]
[Result "1-0"]
[WhiteTitle "I"]
[BlackTitle "II+"]
[WhiteElo "1874"]
[BlackElo "1378"]

1. d4 d5 2. c4 c6 3. cxd5 cxd5 4. Bf4 Nc6 5. e3 Nf6 6. Nc3 a6 7. Be2 Bf5 8. Nf3
e6 9. Qb3 Bb4 10. Ne5 Qe7 11. Nxc6 bxc6 12. O-O O-O 13. Na4 Nd7 14. a3 Bd6 15.
Bxd6 Qxd6 16. Qc3 a5 17. Rfc1 Rfc8 18. Bd1 f6 19. Bc2 Bxc2 20. Rxc2 e5 21. Rac1
e4 22. Qd2 Rc7 23. Rc3 f5 24. Rb3 h6 25. Nc5 a4 26. Rb4 Nxc5 27. Rxc5 Ra6 28.
Rb8+ Kh7 29. g3 Rca7 30. Qb4 Qc7 31. Rc2 Kg6 32. Qf8 Qe7 33. Qg8 Qf7 34. Qc8 Qd7
35. h4 Kh5 36. Qf8 Kg6 37. Rd8 Qf7 38. Rd6+ Kh5 39. Qxf7+ Rxf7 40. Rcxc6 Rxc6
41. Rxc6 Rb7 42. Ra6 Rxb2 43. Rxa4 Kg4 44. Kg2 g5 45. hxg5 hxg5 46. Ra8 f4 47.
gxf4 gxf4 48. Rg8+ Kh4 49. exf4 e3 50. Kf3 Rxf2+ 51. Kxe3 Ra2 52. Ra8 Kg4 53.
Ra5 Ra1 54. Rxd5 Rxa3+ 55. Ke4 Ra1 56. Rg5+ Kh4 57. Rg8 Kh5 58. d5 Rd1 59. Ke5
Kh6 60. f5 Ra1 61. d6 Ra7 62. Ke6 1-0

[Event "Mistrzostwa Polski Juniorow Mlodszych do lat 12 - OOM Zachodniopomorskie 2023"]
[Site "Darlowek"]
[Date "1899-12-30"]
[Round "1.7"]
[White "Mielcuch, Karol"]
[Black "Ochedzan, Filip"]
[Result "0-1"]
[WhiteTitle "II"]
[BlackTitle "I"]
[WhiteElo "1363"]
[BlackElo "1856"]

1. c4 e5 2. g3 Nf6 3. Bg2 d5 4. cxd5 Nxd5 5. Nc3 Nb6 6. Nf3 Nc6 7. O-O Be7 8. d3
O-O 9. Be3 Re8 10. Rc1 Bf8 11. d4 exd4 12. Nxd4 Nxd4 13. Qxd4 Qxd4 14. Bxd4 c6
15. e4 Be6 16. b3 Rad8 17. Be3 Bb4 18. Ne2 Bd2 19. Bxd2 Rxd2 20. Nc3 Red8 21.
Rfd1 Kf8 22. f4 f6 23. f5 Bf7 24. Rxd2 Rxd2 25. Bf3 Ke7 26. b4 Nd7 27. a4 Ne5
28. Be2 a6 29. Kf1 b5 30. axb5 axb5 31. Rb1 Rc2 32. Nd1 Bc4 33. Bxc4 Nxc4 34.
Kg1 Nd2 35. Ne3 Rc3 36. Rb2 Rxe3 37. Rxd2 Rxe4 38. Rb2 Kd6 39. h3 c5 40. bxc5+
Kxc5 41. Kf2 b4 42. Kf3 Re5 43. g4 Kc4 44. Rc2+ Kd3 45. Rc1 b3 46. Rd1+ Kc2 47.
Rd8 Rb5 48. Rc8+ Kd3 49. Rd8+ Kc4 50. Rc8+ Rc5 51. Rb8 Kc3 52. Re8 b2 53. Re1
Rb5 54. Re3+ Kd4 55. Re4+ Kd5 56. Re1 b1=Q 57. Rxb1 Rxb1 58. Kg3 Ke4 59. Kh4 Kf4
60. Kh5 Rh1 61. Kh4 Rh2 62. g5 fxg5+ 63. Kh5 Rxh3# 0-1

[Event "Mistrzostwa Polski Juniorow Mlodszych do lat 12 - OOM Zachodniopomorskie 2023"]
[Site "Darlowek"]
[Date "1899-12-30"]
[Round "1.8"]
[White "Obrycki, Tomasz"]
[Black "Marcinkowski, Adam"]
[Result "1-0"]
[WhiteTitle "I"]
[BlackTitle "II"]
[WhiteElo "1786"]
[BlackElo "1363"]

1. e4 e5 2. Nf3 Nf6 3. d3 Nc6 4. Be2 Be7 5. c3 O-O 6. O-O d6 7. Re1 Bg4 8. h3 Bh5
9. Nbd2 Bg6 10. Nh4 Qd7 11. Nf1 d5 12. Qc2 d4 13. Ng3 Bc5 14. Bg5 Qe6 15. Bd1
h6 16. Bc1 Kh7 17. Qd2 Ne7 18. Bb3 Qd7 19. Qe2 dxc3 20. bxc3 Rad8 21. Rd1 b5 22.
Bb2 Nc6 23. a3 a5 24. Nf3 Nh5 25. d4 Nxg3 26. fxg3 Bb6 27. Kh2 exd4 28. cxd4 Rfe8
29. e5 Ne7 30. d5 Nf5 31. e6 Qe7 32. Qxb5 fxe6 33. dxe6 Bf2 34. Be5 Ne3 35. Rxd8
Rxd8 36. Qe2 Rb8 37. Ba4 Qc5 38. e7 Nf5 39. Bc2 Be3 40. Re1 Bf2 41. Bxf5 Bxf5
42. Bd4 Bxd4 43. e8=Q Rxe8 44. Qxe8 Bg6 45. Qd7 Bc3 46. Rd1 Qxa3 47. Qxc7 Qb3
48. Rd8 Be4 49. Qf4 Qe6 50. Rd1 Qf5 51. Qd6 Bxf3 52. gxf3 Qxf3 53. Qd3+ Qxd3 54.
Rxd3 Be5 55. Ra3 Bc7 56. Rc3 Bd6 57. Rc6 Bb4 58. Kg2 Kg8 59. Kf3 Kf7 60. g4 Ke7
61. Ke4 Bd6 62. Kd5 Bb4 63. Ra6 Kf7 64. h4 g6 65. h5 gxh5 66. gxh5 1-0

[Event "Mistrzostwa Polski Juniorow Mlodszych do lat 12 - OOM Zachodniopomorskie 2023"]
[Site "Darlowek"]
[Date "1899-12-30"]
[Round "1.9"]
[White "Lesik, Sebastian"]
[Black "Karaszewski, Gabriel"]
[Result "0-1"]
[WhiteTitle "II"]
[BlackTitle "I"]
[WhiteElo "1358"]
[BlackElo "1769"]

1. d4 Nf6 2. c4 e6 3. Nc3 Bb4 4. Qc2 O-O 5. Nf3 b6 6. Bg5 Bb7 7. a3 Bxc3+ 8. Qxc3
d6 9. e3 Nbd7 10. Rd1 c5 11. dxc5 Nxc5 12. Bf4 Nfe4 13. Qc2 Qe7 14. b4 Nd7 15.
Bd3 Ndf6 16. O-O Rac8 17. Nd2 Nxd2 18. Qxd2 d5 19. Qe2 dxc4 20. Bxc4 Ne4 21. Be5
f6 22. Bb2 Kh8 23. f3 Nd6 24. Bb3 Bc6 25. a4 b5 26. a5 Bd5 27. Bxd5 exd5 28. Rxd5
Nc4 29. Rxb5 Rfd8 30. Bd4 Rxd4 31. Rc1 Rdd8 32. Rc5 Rxc5 33. bxc5 Nxa5 34. Rd1
Rxd1+ 35. Qxd1 h6 36. Qd4 Nb3 37. Qc3 Nxc5 38. Kf2 Qe5 39. Qc4 a5 40. f4 Qc3 41.
Qf7 Qc2+ 42. Kg3 a4 43. h4 a3 44. Kg4 Qxg2+ 45. Kh5 Qf3+ 0-1

[Event "Mistrzostwa Polski Juniorow Mlodszych do lat 12 - OOM Zachodniopomorskie 2023"]
[Site "Darlowek"]
[Date "1899-12-30"]
[Round "1.10"]
[White "Rozanski, Mateusz"]
[Black "Misiek, Marcel"]
[Result "1-0"]
[WhiteTitle "I"]
[BlackTitle "II+"]
[WhiteElo "1693"]
[BlackElo "1350"]

1. e4 e5 2. Nf3 Nc6 3. Bb5 d6 4. d4 exd4 5. Nxd4 Bd7 6. O-O Nf6 7. Nc3 Be7 8. Be3
O-O 9. Bxc6 bxc6 10. h3 Re8 11. Nde2 Bf8 12. Ng3 c5 13. Qd3 Rb8 14. b3 Bc6 15.
Rad1 Qe7 16. Nd5 Nxd5 17. exd5 Bd7 18. c4 g6 19. Rfe1 Qf6 20. Ne4 Qf5 21. f3 Bg7
22. Bd2 Bd4+ 23. Kf1 Kg7 24. g4 Qe5 25. f4 Qe7 26. Bc3 Qh4 27. Bxd4+ cxd4 28.
Qxd4+ f6 29. Nf2 h5 30. Qxa7 Kh6 31. Qxc7 Red8 32. Re7 Rbc8 33. Qa7 Ra8 34. Qe3
hxg4 35. f5+ g5 36. Nxg4+ Qxg4 37. hxg4 1-0

[Event "Mistrzostwa Polski Juniorow Mlodszych do lat 12 - OOM Zachodniopomorskie 2023"]
[Site "Darlowek"]
[Date "1899-12-30"]
[Round "1.11"]
[White "Ches, Krzysztof"]
[Black "Korszanski, Stanislaw"]
[Result "1-0"]
[WhiteTitle "II"]
[BlackTitle "I"]
[WhiteElo "1346"]
[BlackElo "1622"]

1. e4 e5 2. Nf3 Nc6 3. Bc4 Bc5 4. c3 Nf6 5. d3 d6 6. O-O Bg4 7. Bb3 Qd7 8. Be3
O-O-O 9. Nbd2 Bxe3 10. fxe3 d5 11. exd5 Nxd5 12. Qe1 Rhe8 13. Qf2 f5 14. d4 exd4
15. exd4 Ne3 16. Rfe1 f4 17. Ng5 Qf5 18. Be6+ Rxe6 19. Nxe6 Qxe6 20. Qxf4 Nd5
21. Qg3 Qd7 22. Ne4 Nf6 23. h3 Be6 24. Nc5 Qf7 25. Nxe6 Re8 26. Qxg7 Qxg7 27.
Nxg7 Rg8 28. Nf5 Nh5 29. Re4 Nf6 30. Ne7+ Kd7 31. Nxg8 Nxe4 32. Rf1 Ke6 33. Nh6
Kd5 34. Ng4 Kc4 35. Ne5+ Nxe5 36. dxe5 Kd5 37. Rf7 Kxe5 38. Rxc7 Nd6 39. Rxh7
Nc4 40. Rxb7 1-0

[Event "Mistrzostwa Polski Juniorow Mlodszych do lat 12 - OOM Zachodniopomorskie 2023"]
[Site "Darlowek"]
[Date "1899-12-30"]
[Round "1.12"]
[White "Dobrowolski, Kamil"]
[Black "Goralski, Mateusz"]
[Result "1-0"]
[WhiteTitle "II"]
[BlackTitle "II"]
[WhiteElo "1532"]
[BlackElo "1341"]

1. e4 c5 2. c3 Nf6 3. e5 Nd5 4. d4 cxd4 5. Nf3 Nc6 6. cxd4 d6 7. Bc4 Nb6 8. Bb5
a6 9. Bxc6+ bxc6 10. O-O Bg4 11. Qd3 Nd5 12. Nc3 e6 13. Re1 Be7 14. Ne4 Nb4 15.
Qc3 Bxf3 16. gxf3 d5 17. Nd6+ Bxd6 18. exd6 c5 19. dxc5 Nc6 20. Qxg7 Rf8 21. Bh6
Kd7 22. Qxf8 Qf6 23. Qxa8 Nd8 24. Qa7+ 1-0

[Event "Mistrzostwa Polski Juniorow Mlodszych do lat 12 - OOM Zachodniopomorskie 2023"]
[Site "Darlowek"]
[Date "1899-12-30"]
[Round "1.13"]
[White "Lewek, Jakub"]
[Black "Kaszuba, Michal"]
[Result "0-1"]
[WhiteTitle "I"]
[BlackTitle "II+"]
[WhiteElo "1337"]
[BlackElo "1527"]

1. e4 c5 2. Nf3 g6 3. d4 cxd4 4. Nxd4 Nc6 5. c4 Nf6 6. Nc3 d6 7. Be2 Nxd4 8. Qxd4
Bg7 9. Be3 O-O 10. Qd2 a5 11. O-O a4 12. Rac1 Be6 13. b3 Qa5 14. Qc2 a3 15. Rfd1
Rac8 16. f3 Rfd8 17. Qd3 Kf8 18. Kf2 Nd7 19. Bd4 Ne5 20. Qe3 Nd7 21. Bxg7+ Kxg7
22. Nd5 Bxd5 23. exd5 Qc5 24. Rd4 b5 25. Kf1 Nb6 26. Qc3 f6 27. b4 Qc7 28. Qxa3
bxc4 29. Qc3 Qa7 30. Bxc4 Rc7 31. Qb3 Rdc8 32. Rc2 Nd7 33. Re2 Qxd4 34. Re4 Qa1+
35. Kf2 Ne5 36. Be2 f5 37. Rxe5 Qxe5 38. b5 Qd4+ 0-1

[Event "Mistrzostwa Polski Juniorow Mlodszych do lat 12 - OOM Zachodniopomorskie 2023"]
[Site "Darlowek"]
[Date "1899-12-30"]
[Round "1.14"]
[White "Perucki, Maciej"]
[Black "Wasiluk, Dominik"]
[Result "1-0"]
[WhiteTitle "I"]
[BlackTitle "II+"]
[WhiteElo "1526"]
[BlackElo "1335"]

1. e4 e5 2. Nf3 Nc6 3. Bb5 Nf6 4. O-O d6 5. d4 exd4 6. Nxd4 Bd7 7. Bxc6 bxc6 8.
Re1 Be7 9. c4 O-O 10. Nc3 Rb8 11. b3 Ne8 12. Be3 Bf6 13. Rc1 g6 14. Nde2 a6 15.
c5 Qe7 16. Qd3 Ra8 17. Na4 d5 18. exd5 Bf5 19. Qd2 Rd8 20. Nec3 Qd7 21. Rcd1 cxd5
22. Nxd5 Bg7 23. c6 Qxd5 24. Qxd5 Rxd5 25. Rxd5 Be4 26. Ra5 Bxc6 27. Bc5 Nd6 28.
Bxd6 cxd6 29. Rxa6 Bxa4 30. Rxa4 1-0

[Event "Mistrzostwa Polski Juniorow Mlodszych do lat 12 - OOM Zachodniopomorskie 2023"]
[Site "Darlowek"]
[Date "1899-12-30"]
[Round "1.15"]
[White "Rabenda, Grzegorz"]
[Black "Jasiulewicz, Kamil"]
[Result "0-1"]
[WhiteTitle "II"]
[BlackTitle "II"]
[WhiteElo "1322"]
[BlackElo "1486"]

1. e4 e5 2. Bc4 Nf6 3. d3 Nc6 4. Nf3 h6 5. c3 Be7 6. Nbd2 d6 7. O-O O-O 8. Re1
Bg4 9. h3 Bd7 10. Nf1 Na5 11. Bb3 Nxb3 12. axb3 Qc8 13. Ng3 Nh7 14. d4 exd4 15.
Qxd4 Bf6 16. e5 dxe5 17. Nxe5 Re8 18. Qxd7 Qxd7 19. Nxd7 Rxe1+ 20. Kh2 Bg5 21.
Bxg5 Rxa1 0-1

[Event "Mistrzostwa Polski Juniorow Mlodszych do lat 12 - OOM Zachodniopomorskie 2023"]
[Site "Darlowek"]
[Date "1899-12-30"]
[Round "1.16"]
[White "Wojciechowski, Szymon"]
[Black "Iwan, Patryk"]
[Result "1-0"]
[WhiteTitle "II+"]
[BlackTitle "II"]
[WhiteElo "1479"]
[BlackElo "1297"]

1. e4 c5 2. Nf3 Nc6 3. Bb5 g6 4. O-O Bg7 5. c3 e5 6. Re1 Nge7 7. d3 d6 8. Bg5 f6
9. Be3 a6 10. Bc4 b5 11. Bb3 Na5 12. h3 Qc7 13. Bc2 Be6 14. b4 Nb7 15. d4 exd4
16. cxd4 cxb4 17. d5 Bd7 18. Bd4 O-O 19. Nbd2 f5 20. Bxg7 Kxg7 21. Nb3 fxe4 22.
Bxe4 Bf5 23. Nbd4 Nd8 24. Ng5 h6 25. Rc1 Qa7 26. Bxf5 hxg5 27. Be6 Ng8 28. Rc2
Kh6 29. Qd2 Rf4 30. Nf3 Nf6 31. Nxg5 Qd4 32. Qc1 Kxg5 33. g3 Nh5 34. gxf4+ Nxf4
35. Qe3 Ndxe6 36. dxe6 Qxe3 37. Rxe3 Re8 38. Rc6 d5 39. e7 d4 40. Re5+ Kh6 41.
Rd6 Kg7 42. Rxd4 Kf6 43. Re3 Ne6 44. Rd6 Rxe7 45. Rxa6 Kf7 46. Rb6 Nd4 47. Rxe7+
Kxe7 48. Rxg6 Ne2+ 49. Kf1 Nf4 50. Rg5 Nxh3 51. Rxb5 Nf4 52. Rxb4 Nd5 53. Rd4
Nc3 54. a4 Ke6 55. a5 Ke5 56. Rb4 Na2 57. a6 Nxb4 58. a7 Nd3 59. a8=Q Nf4 60.
f3 Nd5 61. Qe8+ Kd6 62. f4 Ne7 63. Qf7 Nd5 64. Kf2 Ne7 65. f5 Nc6 66. Qe6+ Kc7
67. f6 Kd8 68. f7 Kc7 69. Qxc6+ Kb8 70. f8=R+ 1-0

[Event "Mistrzostwa Polski Juniorow Mlodszych do lat 12 - OOM Zachodniopomorskie 2023"]
[Site "Darlowek"]
[Date "1899-12-30"]
[Round "1.17"]
[White "Ladon, Tymoteusz"]
[Black "Boryna, Szymon"]
[Result "1/2-1/2"]
[WhiteTitle "II"]
[BlackTitle "II+"]
[WhiteElo "1292"]
[BlackElo "1478"]

1. e4 e6 2. d4 d5 3. Nd2 dxe4 4. Nxe4 Nd7 5. Nf3 Be7 6. Bd3 Ngf6 7. O-O Nxe4 8.
Bxe4 Nf6 9. Bd3 O-O 10. Be3 b6 11. Qe2 Bb7 12. Rad1 Nd5 13. c4 Nxe3 14. fxe3 Bf6
15. Qc2 h6 16. Nd2 Bg5 17. Rfe1 f5 18. Nf3 Bxf3 19. gxf3 Qf6 20. f4 Bh4 21. Re2
Kh8 22. Qc3 Rad8 23. Bc2 Qf7 24. Rg2 Bf6 25. Kh1 c5 26. b4 cxd4 27. exd4 Qd7 28.
Qf3 Qc7 29. d5 Qxc4 30. dxe6 Rxd1+ 31. Qxd1 Qxe6 32. Qe2 Qd6 33. Qd2 Qxd2 34.
Rxd2 Bc3 35. Rd7 Bxb4 36. Rxa7 Bd2 37. Ra4 g6 38. Rd4 Be3 39. Rc4 Bc5 40. a4 Re8
41. a5 Re7 42. axb6 Bxb6 43. Rc6 Bd4 44. Kg2 Kg7 45. h4 h5 46. Rc4 Bf6 47. Kg3
Re3+ 48. Kf2 Ra3 49. Rc7+ Kh6 50. Rc6 Bxh4+ 51. Ke2 Kg7 52. Rc7+ Kf8 53. Rc8+
Kf7 54. Rc7+ Be7 55. Bd3 Ra8 56. Bc4+ Kf8 57. Rc6 Kg7 58. Rc7 Kf8 59. Rc6 Kg7
60. Rc7 Re8 61. Bb5 Kf8 62. Bxe8 Kxe8 63. Rc8+ Kf7 64. Rc3 h4 65. Kf3 1/2-1/2

[Event "Mistrzostwa Polski Juniorow Mlodszych do lat 12 - OOM Zachodniopomorskie 2023"]
[Site "Darlowek"]
[Date "1899-12-30"]
[Round "1.18"]
[White "Rajbharath, Harjith"]
[Black "Zalewski, Witold"]
[Result "1/2-1/2"]
[WhiteTitle "II"]
[BlackTitle "II"]
[WhiteElo "1477"]
[BlackElo "1292"]

1. d4 Nf6 2. Nf3 g6 3. g3 Bg7 4. Bg2 d5 5. O-O O-O 6. b3 Nbd7 7. Bb2 e6 8. Nbd2
b6 9. c4 Bb7 10. Re1 Rc8 11. Rc1 c5 12. e3 Qe7 13. Ba3 Rfd8 14. Rc2 dxc4 15. Rxc4
b5 16. Rc2 b4 17. Bb2 cxd4 18. Nxd4 Rxc2 19. Qxc2 Rc8 20. Qd3 Nc5 21. Qb5 Bxg2
22. Kxg2 Qb7+ 23. Qxb7 Nxb7 24. Nc4 Ne4 25. f3 Ned6 26. Nxd6 Nxd6 27. Rc1 Rxc1
28. Bxc1 Bxd4 29. exd4 Nf5 30. Kf2 Nxd4 31. Be3 Nc6 32. Bc5 f5 33. f4 Kf7 34.
Ke3 e5 35. fxe5 Ke6 36. Kf4 h6 37. h4 Nxe5 38. Bxa7 Nd3+ 39. Ke3 Nc1 40. Bc5 Nxa2
41. Kf4 Nc1 42. Bf8 Nxb3 43. Bxb4 Nd4 44. Bf8 h5 45. Bh6 Ne2+ 46. Kf3 Nc3 47.
Bf4 Ne4 48. Ke3 Kd5 49. Kd3 Kc5 50. Be3+ Kd5 51. Bf4 Kc5 1/2-1/2

[Event "Mistrzostwa Polski Juniorow Mlodszych do lat 12 - OOM Zachodniopomorskie 2023"]
[Site "Darlowek"]
[Date "1899-12-30"]
[Round "1.19"]
[White "Chmiel, Krzysztof"]
[Black "Staniczek, Kacper"]
[Result "1-0"]
[WhiteTitle "II"]
[BlackTitle "I"]
[WhiteElo "1283"]
[BlackElo "1464"]

1. e4 e5 2. Nf3 Nc6 3. d4 exd4 4. Nxd4 Bc5 5. Nxc6 Qf6 6. Qf3 bxc6 7. Qxf6 Nxf6
8. f3 h6 9. Nc3 O-O 10. Bd2 Re8 11. O-O-O d6 12. Bc4 Be6 13. Bxe6 fxe6 14. Na4
Bb6 15. Nxb6 axb6 16. a3 Nd7 17. Bc3 c5 18. Rhe1 b5 19. Kb1 Nb6 20. Re2 Nc4 21.
Bd2 Reb8 22. c3 Ne5 23. Bf4 Nc6 24. e5 d5 25. Be3 c4 26. Bc1 Na5 27. f4 Nb3 28.
f5 Nxc1 29. Kxc1 exf5 30. Rxd5 c6 31. Rd6 Rc8 32. e6 Kf8 33. Rd7 g6 34. e7+ Ke8
35. Rd6 Kf7 36. Ree6 Rg8 37. Rxc6 Rae8 38. Rf6+ Kxe7 39. Rxg6 h5 40. Rc7+ Kd8
41. Rxg8 Rxg8 42. Rc5 Rxg2 43. Rxf5 h4 44. Rxb5 Rxh2 45. Rc5 Rh1+ 46. Kc2 h3 47.
Rxc4 Ke7 48. Rh4 Kd6 49. Rh5 Kc6 50. Kb3 h2 51. c4 Kb6 52. Kb4 Kc6 53. Rh6+ Kb7
54. Kb5 Kc7 55. c5 Kb7 56. Rh7+ Kc8 57. c6 Rg1 58. Rxh2 Rg7 59. Kb6 Rg8 60. Rh7
Rf8 61. Ra7 Kb8 62. c7+ Kc8 63. Ra8+ 1-0

[Event "Mistrzostwa Polski Juniorow Mlodszych do lat 12 - OOM Zachodniopomorskie 2023"]
[Site "Darlowek"]
[Date "1899-12-30"]
[Round "1.20"]
[White "Zawal, Krzysztof"]
[Black "Boguszewski, Kacper"]
[Result "1/2-1/2"]
[WhiteTitle "I"]
[BlackTitle "II"]
[WhiteElo "1462"]
[BlackElo "1275"]

1. e4 c5 2. Nf3 d6 3. d4 cxd4 4. Nxd4 Nf6 5. Nc3 a6 6. Be3 e5 7. Nb3 Be6 8. f3
Be7 9. Qd2 O-O 10. O-O-O Nbd7 11. g4 b5 12. g5 b4 13. Ne2 Ne8 14. f4 a5 15. f5
a4 16. Nbd4 exd4 17. Nxd4 b3 18. cxb3 axb3 19. axb3 Nc5 20. fxe6 Nxe4 21. exf7+
Rxf7 22. Qg2 Ra1+ 23. Kc2 Rxd1 24. Kxd1 Qa8 25. Kc1 Bxg5 26. Bxg5 Rf2 27. Bc4+
Kh8 28. Qxf2 Nxf2 29. Rf1 h6 30. Rxf2 hxg5 31. Rf8+ Kh7 32. Bd3+ g6 33. Rf7+ Kh6
34. Rf3 Ng7 35. Rf6 Qh1+ 36. Kc2 Qxh2+ 37. Kc3 Kh5 38. Bxg6+ Kg4 39. Rf7 Qe5 40.
Bc2 Ne6 41. Bf5+ Kg3 42. Bxe6 Qe1+ 43. Kc4 Qc1+ 44. Kd5 Qxb2 45. Rf3+ Kh2 46.
Re3 Qa3 47. Ke4 Qa8+ 48. Kf5 Qf8+ 49. Ke4 Qf4+ 50. Kd3 Qf2 1/2-1/2

[Event "Mistrzostwa Polski Juniorow Mlodszych do lat 12 - OOM Zachodniopomorskie 2023"]
[Site "Darlowek"]
[Date "1899-12-30"]
[Round "1.21"]
[White "Szymczyk, Jan"]
[Black "Kisiel, Wiktor"]
[Result "0-1"]
[WhiteTitle "II"]
[BlackTitle "II"]
[WhiteElo "1269"]
[BlackElo "1458"]

1. e4 c5 2. Nf3 e6 3. c3 Nf6 4. Bd3 Nc6 5. Bc2 Qc7 6. O-O Be7 7. Re1 e5 8. d3 O-O
9. a4 a6 10. Nbd2 d6 11. h3 Rb8 12. Nc4 b5 13. axb5 axb5 14. Ne3 b4 15. Bd2 h6
16. Nd5 Nxd5 17. exd5 Nd8 18. c4 f5 19. b3 f4 20. Qe2 Bf6 21. Ra2 Bf5 22. Nh2
Nf7 23. Ng4 Ng5 24. f3 Bxg4 25. hxg4 Ra8 26. Rea1 Rxa2 27. Rxa2 h5 28. gxh5 Qf7
29. Ra6 Qxh5 30. Be1 Kf7 31. Ra7+ Be7 32. Qd1 Rh8 33. Qa1 Qh1+ 34. Kf2 Rh2 35.
Rxe7+ Kxe7 36. Qa7+ Kf6 0-1

[Event "Mistrzostwa Polski Juniorow Mlodszych do lat 12 - OOM Zachodniopomorskie 2023"]
[Site "Darlowek"]
[Date "1899-12-30"]
[Round "1.22"]
[White "Morozov, Artem"]
[Black "Reterski, Wiktor"]
[Result "0-1"]
[WhiteTitle "II+"]
[BlackTitle "II"]
[WhiteElo "1452"]
[BlackElo "1247"]

1. e4 c5 2. Nc3 e6 3. g3 a6 4. Bg2 Nc6 5. d3 b5 6. f4 Bb7 7. Nf3 d5 8. exd5 exd5
9. O-O Nf6 10. Ne5 Be7 11. Re1 O-O 12. g4 b4 13. g5 bxc3 14. gxf6 Bxf6 15. bxc3
Nxe5 16. fxe5 Bg5 17. Qg4 Bxc1 18. Raxc1 Bc8 19. Qf3 Be6 20. c4 dxc4 21. dxc4
Qd4+ 22. Qe3 Qxe3+ 23. Rxe3 Rab8 24. Bd5 Rfd8 25. Rd3 Kf8 26. Bxe6 fxe6 27. Rf1+
Ke7 28. Rg3 g6 29. Rh3 h5 30. Ra3 Rb6 31. Raf3 Kd7 32. Rd1+ Kc8 33. Rxd8+ Kxd8
34. Rf8+ Ke7 35. Rc8 Rb2 36. a4 Rxc2 37. Rxc5 Kd7 38. Kh1 g5 39. Kg1 g4 40. Kh1
h4 41. Kg1 h3 42. Ra5 Rxc4 43. Rxa6 Rc5 44. Ra7+ Kc6 45. Ra6+ Kd5 46. Ra8 Kxe5
47. a5 Ke4 48. a6 Ke3 49. Rf8 Ra5 50. a7 Rxa7 51. Rf1 Ra2 52. Re1+ Re2 53. Ra1
e5 54. Ra3+ Kf4 55. Ra4+ e4 56. Ra8 Rd2 57. Rb8 Ke3 58. Rb3+ Ke2 0-1

[Event "Mistrzostwa Polski Juniorow Mlodszych do lat 12 - OOM Zachodniopomorskie 2023"]
[Site "Darlowek"]
[Date "1899-12-30"]
[Round "1.23"]
[White "Madejski, Milosz"]
[Black "Smolinski, Wojciech"]
[Result "1/2-1/2"]
[WhiteTitle "II"]
[BlackTitle "II"]
[WhiteElo "1236"]
[BlackElo "1439"]

1. d4 Nf6 2. c4 c5 3. e3 cxd4 4. exd4 d5 5. Nf3 Nc6 6. Nc3 Bg4 7. Be3 e6 8. c5
Be7 9. Be2 O-O 10. O-O a6 11. Na4 Qc7 12. Nb6 Rad8 13. Rc1 e5 14. dxe5 Nxe5 15.
Nxe5 Bxe2 16. Qxe2 Qxe5 17. Rfe1 Ne4 18. f3 Nf6 19. Bf2 Qxe2 20. Rxe2 Rfe8 21.
Rce1 Kf8 22. Bd4 Nd7 23. Nxd5 Bxc5 24. Bxc5+ Nxc5 25. Nc3 Rxe2 26. Rxe2 b5 27.
b4 Ne6 28. Re3 Rd2 29. a4 bxa4 30. Nxa4 Rd4 31. Rb3 Ke7 32. Rb2 Kd6 33. Kf2 a5
34. Nc3 Rxb4 35. Ra2 a4 1/2-1/2

[Event "Mistrzostwa Polski Juniorow Mlodszych do lat 12 - OOM Zachodniopomorskie 2023"]
[Site "Darlowek"]
[Date "1899-12-30"]
[Round "1.24"]
[White "Pawlicz, Filip"]
[Black "Golab, Antoni"]
[Result "0-1"]
[WhiteTitle "II"]
[BlackTitle "II"]
[WhiteElo "1429"]
[BlackElo "1215"]

1. g3 e5 2. c4 Nc6 3. Bg2 Nf6 4. Nc3 Bc5 5. e4 d6 6. Nge2 O-O 7. O-O Be6 8. d3
h6 9. a3 a5 10. Be3 Qd7 11. Nd5 Nh7 12. Bxc5 dxc5 13. f4 f5 14. Qd2 Rad8 15. Rad1
b6 16. fxe5 Nxe5 17. Qc3 Ng6 18. Nef4 Nxf4 19. Nxf4 fxe4 20. Bxe4 Ng5 21. Bg2
Nh3+ 22. Bxh3 Bxh3 23. Rfe1 Rxf4 24. gxf4 Qg4+ 25. Kf2 Qg2+ 26. Ke3 Re8+ 27. Qe5
Rxe5+ 28. fxe5 Qg5+ 29. Kf2 Qf4+ 30. Kg1 Qd4+ 31. Kh1 Qf2 0-1